Caracteristicas y funcionamiento del sector informal: (Registro nro. 27208)
[ vista simple ]
| 000 -LEADER | |
|---|---|
| fixed length control field | 00391 a2200121 4500 |
| 001 - CONTROL NUMBER | |
| control field | ART_14548 |
| 005 - DATE AND TIME OF LATEST TRANSACTION | |
| control field | 20260410161915.0 |
| 008 - FIXED-LENGTH DATA ELEMENTS--GENERAL INFORMATION | |
| fixed length control field | 260409a |
| 100 1# - MAIN ENTRY--PERSONAL NAME | |
| Personal name | Tokman, Víctor E. |
| 245 10 - TITLE STATEMENT | |
| Title | Caracteristicas y funcionamiento del sector informal: |
| 700 1# - ADDED ENTRY--PERSONAL NAME | |
| Personal name | Souza, Paulo R. |
| 773 0# - HOST ITEM ENTRY | |
| Title | Revista Paraguaya de Sociología |
| Related parts | - Año 11, Nº 31 (set./dic. 1974) |
| Record control number | REV13424 |
No hay ítems disponibles.